Cantada de Nadales al Palau Güell : Dimecres 13 de desembre de 2023 Dimecres 13 de desembre de 2023
Descripción Física:
1 fulletó ; il. col. ; 15 x 21 cm
Idioma:
Catalán
MARC
| LEADER | 00000nam a22000007a 4500 | ||
|---|---|---|---|
| 001 | 28627 | ||
| 003 | AGDB | ||
| 005 | 20260324181527.0 | ||
| 008 | 230321b spa||||| |||| 00| 0 cat d | ||
| 017 | |a B 22299-2023 | ||
| 040 | |a agdb |b cat | ||
| 110 | 2 | |9 17034 |a Palau Güell (Barcelona) | |
| 245 | |a Cantada de Nadales al Palau Güell : |b Dimecres 13 de desembre de 2023 | ||
| 260 | |a Barcelona : |b Palau Güell : |b Diputació de Barcelona ; |c 2023 | ||
| 300 | |a 1 fulletó ; |b il. col. ; |c 15 x 21 cm | ||
| 500 | |a Cantada de nadales realitzada el 13 de desembre, a les 10.30h, a càrrec de la Coral Escola Cervantes | ||
| 610 | 2 | 0 | |9 52964 |a Palau Güell (Barcelona) |x Activitats culturals |
| 650 | 0 | |2 Arxiu |9 44581 |a Corals infantils | |
| 650 | 0 | |9 56022 |a Nadales | |
| 655 | 0 | |a Fulletons |9 55858 | |
| 710 | 1 | |a Barcelona (Catalunya : Província). |b Diputació |9 52408 | |
| 942 | |2 udc |c ARXIU |n 1 | ||
| 952 | |0 0 |1 0 |4 0 |6 FU7775 |7 1 |9 97540 |a Arxiu |b Arxiu |d 2024-11-13 |l 0 |o FU-77-75 |p 28627 |r 2024-11-13 00:00:00 |w 2024-11-13 |y ARXIU | ||
| 999 | |c 129421 |d 129421 | ||